000 00661nam a2200193Ia 4500
003 GCL
008 140319s9999 xx 000 0 ara d
040 _aGCL /
_cGCL
082 0 4 _aق
_b327.12
_bح م
100 1 _aحسين عيد
245 1 0 _aمذكرات حكمت فهمى : اسرار العلاقه بين السادات والمخابرات الالمانيه /
_cحسين عيد
300 _a213 ص
490 _aكتاب الحرية
_v0
650 0 4 _aالجواسيس
650 0 4 _aالجاسوسية
650 0 4 _aحكمت فهمى - المذكرات
650 0 4 _aمصر - تاريخ - العصر الحديث (1805 - 1956 )
942 _2ddc
_cBK
999 _c46420
_d46420